| 000 | 01418nam0a2200325 4500 | ||
|---|---|---|---|
| 001 | RU\NLR\bibl\557814 | ||
| 005 | 20250609162052.0 | ||
| 010 |
_a5-02-033420-0 _930000 |
||
| 021 |
_aRU _b2004-50061 _92464 |
||
| 035 | _a(NLR Aleph) 000549951 | ||
| 090 |
_a1466198 _c1466198 |
||
| 100 | _a20041001d2004 |||y0rusy50 ca | ||
| 101 | 0 | _arus | |
| 102 | _aRU | ||
| 105 | _ay ||||||||| | ||
| 200 | 1 |
_aЭнциклопедия противодействия организованной преступности _e[Более 7000 ст., терминов, выражений] _fИ.В. Годунов _gРедсовет.: (сопред.) Когатько Г.И., ген.-полк., Герой Соц. Тр., д.т.н., проф. и др. |
|
| 210 |
_aМ. _cНаука _d2004 |
||
| 215 |
_a687,[1] с. _d27 |
||
| 300 | _aВ конце кн. авт.: Годунов И.В., д.ю.н., к.э.н. | ||
| 320 | _aДр. произведения авт. в конце кн. | ||
| 606 | 0 |
_aОрганизованная преступность _jЭнциклопедии _xБорьба с ней _92247720 _3RU\NLR\auth\661348401 |
|
| 686 | _aХ628.331я20 | ||
| 686 | _aХ916.8я20 | ||
| 700 | 1 |
_aГодунов _bИ. В. _gИгорь Валентинович _4070 |
|
| 801 | 0 |
_aRU _bNLR _c20041001 _gPSBO |
|
| 801 | 1 |
_aRU _bNLR _c20041001 |
|
| 830 | _aАвт. по кн. | ||
| 942 | _cBOOK | ||
| 980 | _aNB | ||